Tma /
Další román ze série francouzských thrillerů, v nichž vystupuje kriminalista Martin Servaz. Tentokrát kdosi neznámý se snaží zničit rozhlasovou moderátorku.
Uloženo v:
| Série: | Martin Servaz,
část 3 |
|---|---|
| Hlavní autor: | |
| Další autoři: | |
| Médium: | E-kniha |
| Jazyk: | Czech |
| Vydáno: |
Praha :
XYZ,
2025
|
| Vydání: | Třetí vydání |
| Témata: | |
| Příbuzné jednotky: | Z cyklu::
Martin Servaz |
| Tagy: |
Žádné tagy |
| LEADER | 02801nam a2200481 i 4500 | ||
|---|---|---|---|
| 001 | 312733 | ||
| 003 | CZ PrSKC | ||
| 005 | 20260601215727.0 | ||
| 007 | ta | ||
| 008 | 250226s2025 xr g 000 f cze | ||
| 015 | |a cnb003674429 | ||
| 020 | |a 9788076837461 |q (vázáno) : |c Kč 499,00 | ||
| 035 | |a (OCoLC)1519102621 | ||
| 040 | |a ABG001 |b cze |d OLA001 |e rda | ||
| 041 | 1 | |a cze |h fre | |
| 072 | 7 | |a 821.133.1-3 |x Francouzská próza, francouzsky psaná |2 Konspekt | |
| 080 | |a 821.133.1-31 |2 MRF | ||
| 080 | |a (0:82-312.4) |2 MRF | ||
| 100 | 1 | |a Minier, Bernard, |d 1960- |7 xx0192250 |4 aut | |
| 240 | 1 | 0 | |a N'éteins pas la lumière. |l Česky |
| 245 | 1 | 0 | |a Tma / |c Bernard Minier ; překlad Jiří Žák |
| 250 | |a Třetí vydání | ||
| 264 | 1 | |a Praha : |b XYZ, |c 2025 | |
| 300 | |a 609 stran ; |c 22 cm | ||
| 336 | |a text |b txt |2 rdacontent | ||
| 337 | |a bez média |b n |2 rdamedia | ||
| 338 | |a svazek |b nc |2 rdacarrier | ||
| 500 | |a Přeloženo z francouzštiny | ||
| 520 | 2 | |a Další román ze série francouzských thrillerů, v nichž vystupuje kriminalista Martin Servaz. Tentokrát kdosi neznámý se snaží zničit rozhlasovou moderátorku. |b Christine Steinmeyerová, rozhlasová moderátorka z Toulouse, nalezne na Štědrý den ve schránce dopis od neznámé ženy, která se chystá spáchat sebevraždu. Následně do rádia zavolá muž a obviní ji z toho, že nic nepodnikla. A postupně se přidávají další obvinění. Kdosi Christine tajně doma navštěvuje a snaží se ji úplně zničit. Co je pravda, kdo je přítel a kdo nepřítel, proč je Christine pronásledovaná a věří vůbec ještě někdo, že není šílená? V té době se kriminalista Martin Servaz začíná zabývat záhadnou sebevraždou jisté umělkyně v hotelovém pokoji. A zatím netuší, že existuje Christine, která potřebuje pomoci dříve, než bude pozdě. Pro všechny. | |
| 655 | 7 | |a francouzské romány |7 fd132289 |2 czenas | |
| 655 | 7 | |a detektivní romány |7 fd132010 |2 czenas | |
| 655 | 7 | |a thrillery (romány) |7 fd184206 |2 czenas | |
| 655 | 9 | |a French fiction |2 eczenas | |
| 655 | 9 | |a detective novels |2 eczenas | |
| 655 | 9 | |a thrillers (novels) |2 eczenas | |
| 700 | 1 | |a Žák, Jiří, |d 1946-2024 |7 jk01152981 |4 trl | |
| 787 | 0 | 8 | |i Z cyklu: |t Martin Servaz |g 3 |
| 900 | |a ABA001 |b 20 | ||
| 928 | 9 | |a Albatros Media - XYZ | |
| 044 | |a xr | ||
| 910 | |a RBIT002 | ||
| 998 | |d 420604 |a https://core.palmknihy.cz/api/books/420604/cover?swrpib |b https://core.palmknihy.cz/api/books/420604/cover/400?swrpib |c https://core.palmknihy.cz/api/books/420604/cover/50?swrpib |e 2027-09-16 |g 616 |i 9788076837461 |j https://core.palmknihy.cz/api/books/420604/preview.epub |k https://core.palmknihy.cz/api/books/420604/preview.pdf |l |q 49 |r 1 |s https://www.palmknihy.cz/kniha/420604 |t ebook |y 2025 |z 0 |v Martin Servaz |w 3 | ||
| 999 | |d 312731 | ||